LEADER 02861nam 2200673 a 450 001 9910965972403321 005 20251117065803.0 010 $a1-61761-045-3 035 $a(CKB)2670000000090511 035 $a(EBL)3020711 035 $a(SSID)ssj0000472258 035 $a(PQKBManifestationID)12212314 035 $a(PQKBTitleCode)TC0000472258 035 $a(PQKBWorkID)10433803 035 $a(PQKB)11620428 035 $a(MiAaPQ)EBC3020711 035 $a(Au-PeEL)EBL3020711 035 $a(CaPaEBR)ebr10680849 035 $a(OCoLC)710995110 035 $a(BIP)31070753 035 $a(EXLCZ)992670000000090511 100 $a20100701d2010 uy 0 101 0 $aeng 135 $aur|n|---||||| 181 $ctxt 182 $cc 183 $acr 200 10$aPopulation migration and Asia $etheories and practice /$fAKM Ahsan Ullah 205 $a1st ed. 210 $a[Hauppauge, N.Y.] $cNova Science Publishers$d2010 215 $a1 online resource (155 p.) 225 1 $aAsian political, economic and security issues 300 $aDescription based upon print version of record. 311 08$a1-61668-962-5 320 $aIncludes bibliographical references (p. [123]-135) and index. 327 $aAn overview of global migration -- Dominant models of migration -- The Gypsies of Europe and migration history -- The feminization of migration -- Human trafficking in Asia -- Homosexuality in Thailand -- The effects of migration to the United States. 330 $aMigration has become a heterogeneous phenomenon today, with the emergence of migration lying in the quest of human beings to obtain a better life. However, this is not the sole factor for migration because some migrate for sheer survival while others migrate to improve their quality of life or search for fortune. The dominant explanatory model used in the study of migration has been Ravenstein's fundamental model. This book presents and discusses a number of such models which present information on the history of human mobility. 410 0$aAsian political, economic and security issues. 606 $aMigration, Internal$zAsia 606 $aAsians$xMigrations 606 $aImmigrants$zAsia 606 $aEmigration and immigration$xPhilosophy 607 $aAsia$xEmigration and immigration 607 $aAsia$xPopulation 607 $aAsia$xEmigration and immigration$xSocial aspects 607 $aAsia$xPopulation policy 615 0$aMigration, Internal 615 0$aAsians$xMigrations. 615 0$aImmigrants 615 0$aEmigration and immigration$xPhilosophy. 676 $a304.8095 700 $aAhsan Ullah$b A. K. M$01844453 801 0$bMiAaPQ 801 1$bMiAaPQ 801 2$bMiAaPQ 906 $aBOOK 912 $a9910965972403321 996 $aPopulation migration and Asia$94471643 997 $aUNINA